Fifa World Cup winning Premier league players - Statistics

General Stats
  • This quiz has been taken 533 times
  • The average score is 6 of 11
Answer Stats
Answer % Correct
2014 Germany Arsenal Mesut Özil
87%
2010 Spain Liverpool Fernando Torres
75%
2014 Germany Arsenal Per Mertesacker
68%
2010 Spain Arsenal Cesc Fabregas
66%
1998 France Arsenal Emmanuel Petit
61%
1998 France Arsenal Patrick Vieira
61%
2010 Spain Liverpool Pepe Reina
53%
2014 Germany Chelsea Andre Schürrle
52%
2014 Germany Arsenal Lukas Podolski
47%
2002 Brazil Middlesbrough Juninho
41%
1998 France Chelsea Frank Leboeuf
19%
No matching quizzes found
Score Distribution
Percent of People with Each Score
Percentile by Number Answered
Your Score History
You have not taken this quiz